| 000 | 01026nam2a22002531 4500 | ||
|---|---|---|---|
| 001 | RU\NLR\INFOCOMM10\1000319496 | ||
| 005 | 20250617012631.0 | ||
| 035 | _a(NLR Aleph) 002343129 | ||
| 090 |
_a4489034 _c4489034 |
||
| 100 | _a20041104d1891 |||y0rusy50 ca | ||
| 101 | 0 | _arus | |
| 102 | _aRU | ||
| 105 | _ay ||||||||| | ||
| 200 | 1 |
_aСтихотворения _e[Продолжение] _fИ.И. Козлов |
|
| 210 |
_d1891 _aБ. м. |
||
| 461 | 0 |
_1001RU\NLR\INFOCOMM10\1000319487 _12001#$aСемейная библиотека$e[Ежемес. журн., изд. ред. журн. "Пантеон литературный"]$v№15 _94489006 _cСПб. _d1890-1892 _nА. Чудинов _o[Ежемес. журн., изд. ред. журн. "Пантеон литературный"] _tСемейная библиотека _v№15 |
|
| 700 | 1 |
_aКозлов _bИ.И. _4070 |
|
| 801 | 1 |
_aRU _bInfoComm _c20041104 |
|
| 801 | 0 |
_aRU _bNLR _gPSBO |
|
| 852 |
_aNLR _j2/1429 |
||
| 942 | _cISSUE | ||
| 980 | _aNB | ||
| 980 | _aRUSPER | ||